000 00582nam a22001817a 4500
005 20150427142657.0
010 _aENG-112348
020 _a9788180546587 (v.2)
_c150.00
035 _aEN-95880
037 _bDBAD/PUB
082 _a650.0285
100 _aSrinivasa Vallabhan, S.V.
245 _aIntroduction to computer applications in business /
_cby S.V.Srinivasa Vallabhan
260 _aNew Delhi
_bSultan Chand
_c2015 (repr.)
270 _a23, Daryaganj,
_bNew Delhi
_e110002
300 _axiv, 217p.:
_c24cm(pbk)
_bill.
942 _2ddc
_cEN
_mSRI
_h650.0285
999 _c92159
_d92159